Normal view
MARC view
Entry Nome pessoal
001 - NÚMERO DE CONTROLE
- campo de controle: 701
003 - IDENTIFICADOR DO NÚMERO DE CONTROLE
- campo de controle: Br
005 - DATA E HORÁRIO DA ÚLTIMA TRANSAÇÃO
- campo de controle: 20250328122059.0
008 - CAMPO DE DADOS FIXOS
- campo de controle de tamanho fixo: 100100|| acnnnaab| aaaa d
035 ## - NÚMERO DE CONTROLE DO SISTEMA
- Número de Controle do Sistema: 100100213095174210
040 ## - FONTE DA CATALOGAÇÃO
- Instituição da catalogação original: Br
- Instituição que transcreveu o registro: Br
- Convenções de cabeçalho de assunto/tesauros: Br
100 1# - CABEÇALHO--NOME PESSOAL
- Nome pessoal: Woolf, Virginia,
- Datas associadas ao nome: 1882-1941.
400 1# - REMISSIVA VER--NOME PESSOAL
- Nome pessoal: Woolf, Virginia Stephen
- Datas associadas ao nome: 1882-1941
400 1# - REMISSIVA VER--NOME PESSOAL
- Nome pessoal: Stephen, Virginia
- Datas associadas ao nome: 1882-1941
670 ## - FONTE POSITIVA DOS DADOS
- Citação da fonte positiva dos dados: Autora de: Orlando. [1983?]
670 ## - FONTE POSITIVA DOS DADOS
- Citação da fonte positiva dos dados: Bristol, Brian. Por que amamos ler?... 2008
- Dados encontrados na fonte localizada no subcampo: (p.103: D.; romancista e ensaísta inglesa)
670 ## - FONTE POSITIVA DOS DADOS
- Citação da fonte positiva dos dados: http://authorities.loc.gov 21/10/2008
- Dados encontrados na fonte localizada no subcampo: (D. ; rems.)
670 ## - FONTE POSITIVA DOS DADOS
- Citação da fonte positiva dos dados: http://en.wikipedia.org/wiki/Virginia_Woolf
- Dados encontrados na fonte localizada no subcampo: (escritora britânica, nasceu em Londres, em 25 de janeiro de 1882 e faleceu em 1941)
670 ## - FONTE POSITIVA DOS DADOS
- Citação da fonte positiva dos dados: http://catalogue.bl.uk 21/10/2008
- Dados encontrados na fonte localizada no subcampo: (D. ; rems.)